1905 1553 1198 1998 1608 1540 1400 1698 1243 1170 1000 1902 1037 1769 1604 1235 1187 1127 1614 1532 1569 1088 1194 1997 1815 1639 1886 1913 1955 1169 1553 1066 1192 1125 1318 1027 1729 1856 1902 1362 1018 1532 1540 1827 1125 1053 1400 1419 1314 1399 1201 1520 1543 1854 1227 1161 1216 1149 1138 1251 1972 1943 1424 1965 1906 1371 1790 1038 1266 1777 1107 1739 1632 1080 1865 1034 1636 1208 1338 1798 1536 1352 1059 1659 1282 1819 1373 1714 1446 1775 1125 1147 1786 1821 1529 1368 1787 1391 1110 BCNSPRNW ULIB Ver.6.0+V

เปลี่ยนเป็นภาษาไทย

Change to English
 แสดงรายละเอียดบรรณานุกรม
  กลับหน้าหลัก

Brief Record : Get Marc (ISO 2709) : E-mail record : QR code < ปิดหน้าต่าง
LEADER : 00000nam 2200000uu 4500
001    13399111155
003     ULIB
008    110617s||||||||th 000 0 tha d
020    9789744098559
050  4 BF636^bท749ค 2550
100 0  เทียม โชควัฒนา
245 10 คำสอนจากนายห้างเทียม โชควัฒนา /^cเทียม โชควัฒนา
250    พิมพ์ครั้งที่ 1
260    กรุงเทพฯ :^bสุขภาพใจ,^c2550
300    176 หน้า ;^c19 ซม.
650  7 ความสำเร็จ
650  7 การดำเนินชีวิต
945    ^p100^l0^i023258
995    ทศพร
999 ^a ใช้งานได้ทุกระบบ
รายการนี้ยังไม่มีแท็ก
คุณยังไม่ได้ล็อกอิน คุณสามารถมีกิจกรรมร่วมกับเว็บไซต์ได้ แต่ต้องล็อกอินก่อน ::
  ล็อกอิน

รายการสื่อสารสนเทศ

ลำดับที่ ประเภท เลขเรียก/บาร์โค้ด สถานที่ สถานะ
- ไม่พบข้อมูล -

รายการใกล้เคียง
    หัวเรื่อง [ความสำเร็จ]
    หัวเรื่อง [การดำเนินชีวิต]

BibComment


ยังไม่เคยถูกคอมเมนท์

คอมเมนท์ทรัพยากรรายการนี้
  คอมเมนท์: คำสอนจากนายห้างเท..


 Copyright 2026. Bcnsprnw @Library